|
|
|
|
| LEADER |
01067nam a22002657a 4500 |
| 001 |
37890 |
| 003 |
BD-DhAAL |
| 008 |
220301t1995 bg b 001 0 eng d |
| 999 |
|
|
|c 43631
|d 43631
|
| 020 |
|
|
|a 9848127070
|
| 040 |
|
|
|a BD-DhAAL
|
| 082 |
|
|
|a 954.14
|
| 100 |
|
|
|a Tarafdar, M. R.
|9 46296
|
| 245 |
|
|
|a Trade, technology and society in medieval Bengal /
|c M.R. Tarafdar.
|
| 260 |
|
|
|a Dhaka, Bangladesh :
|b International Centre for Bengal Studies,
|c c1995.
|
| 300 |
|
|
|a 110 pages ;
|c 22 cm.
|
| 504 |
|
|
|a Includes bibliographical references and index.
|
| 526 |
|
|
|a BIED
|
| 541 |
|
|
|a Complimentary copy from BIED
|e 37890
|
| 650 |
|
|
|a Science
|z India
|z Bengal
|x History.
|9 46297
|
| 651 |
|
|
|a Bengal (India)
|x History.
|9 46298
|
| 651 |
|
|
|a Bengal (India)
|x Commerce
|x History.
|9 46299
|
| 852 |
|
|
|a Ayesha Abed Library
|c BIED Collection
|
| 942 |
|
|
|2 ddc
|c BK
|
| 952 |
|
|
|0 0
|1 0
|2 ddc
|4 0
|6 954_140000000000000_TAR
|7 0
|9 69953
|a BRACUL
|b BRACUL
|c GEN
|d 2022-03-01
|e Complimentary copy from BIED
|l 0
|o 954.14 TAR
|p 3010037890
|r 2022-03-01
|t 1
|w 2022-03-01
|y BK
|x Transferred from BIED to General Stacks
|